000 00530nam a22001697a 4500
003 OSt
005 20120302145219.0
008 090424t xxu||||| |||| 00| 0 eng d
035 _a३१४२
040 _cमराठी
100 _aबोरकर, विष्णू जयवंत
_94056
245 _aअश्वत्थामा
250 _a१ ली
260 _aपुणे
_bविश्र्वमोहोनी पुस्तक
_c१९७९
300 _b८८ पाने
942 _2ddc
_cBOOK
999 _c489218
_d489215